Attacks on places of religious worship in post-war Sri Lanka (Record no. 4638)

MARC details
000 -LEADER
fixed length control field 00515nam a2200145 4500
008 - FIXED-LENGTH DATA ELEMENTS--GENERAL INFORMATION
fixed length control field 240117b |||||||| |||| 00| 0 eng d
082 ## - DEWEY DECIMAL CLASSIFICATION NUMBER
Classification number 303.6
Item number CEN
942 ## - ADDED ENTRY ELEMENTS (KOHA)
Item Type Reports
110 ## - MAIN ENTRY--CORPORATE NAME
Corporate Name Centre for policy alternatives
245 ## - TITLE STATEMENT
Title Attacks on places of religious worship in post-war Sri Lanka
260 ## - PUBLICATION, DISTRIBUTION, ETC. (IMPRINT)
Place of Publication Colombo:
Name of Publisher Centre for policy alternatives,
Date of Copyright 2013
300 ## - PHYSICAL DESCRIPTION
Extent 100 p.
856 ## - ELECTRONIC LOCATION AND ACCESS
Uniform Resource Identifier <a href="https://sangam.org/wp-content/uploads/2013/03/Attacks-on-Religious-Places-CPA-March-2013.pdf">https://sangam.org/wp-content/uploads/2013/03/Attacks-on-Religious-Places-CPA-March-2013.pdf</a>
650 ## - SUBJECT ADDED ENTRY--TOPICAL TERM
Topical Term ETHNIC VIOLENCE-Sri Lanka
Holdings
Withdrawn status Lost status Source of classification or shelving scheme Damaged status Not for loan Permanent location Current location Date acquired Total Checkouts Full call number Barcode Date last seen Price effective from Koha item type
    Dewey Decimal Classification     Resource center, Muslim Women's Research And Action Forum Resource center, Muslim Women's Research And Action Forum 2024-01-17   303.6 CEN RAF4759 2024-01-17 2024-01-17 Reports

Copyright © 2023 Muslim Women's Research and Action Forum (MWRAF), No 27/3, Anderson Road, Kalubowila, Dehiwela. Funded by The Asia Fundation